000 00477nam a2200181Ia 4500
003 GCL
008 140319s9999 xx 000 0 eng d
040 _aGCL /
_cGCL
082 0 4 _a574.52642
_bI F
100 1 _aINNES, JOHN
245 1 0 _aFOR HEALTH: ITS ASSESSMENT AND STATUS /
_cINNES, JOHN
260 _a[S.N] :
_bCAB IMTERNATIONAL ،
_c1993
300 _a677 P
650 0 4 _aFOREST DECLINES
650 0 4 _aAIR POLLUTION
650 0 4 _aQUALITY ASSURANCE
942 _2ddc
_cBK
999 _c13268
_d13268